|
|
|
|
| LEADER |
00000nam a22000007a 4500 |
| 005 |
20190515011449.0 |
| 007 |
cr|||| |||| |
| 008 |
190515s2019 mx |||||s|||| 00||0 spa d |
| 020 |
|
|
|a 978-607-629-337-9
|
| 035 |
|
|
|a 23404
|
| 040 |
|
|
|a vLex
|
| 090 |
|
|
|c 8708
|d 8708
|
| 100 |
1 |
|
|a Přez Chv̀ez, Još
|
| 245 |
1 |
0 |
|a Honorarios. Rǧimen fiscal de las actividades profesionales
|h [Recurso electrn̤ico] :
|b Personas fs̕icas 2019 /
|c Jos ̌Přez Chv̀ez, Raymundo Fol Olgun̕
|
| 256 |
|
|
|a Servicio en ln̕ea
|
| 260 |
|
|
|a Ciudad de Mx̌ico:
|b Tax Editores,
|c 2019
|
| 300 |
|
|
|a 1 recurso electrn̤ico
|
| 500 |
|
|
|a Las personas fs̕icas que obtienen ingresos por la prestacin̤ de servicios profesionales (honorarios) tributan en el rǧimen de las actividades empresariales y profesionales mediante un sistema de flujo de efectivo, para que el ISR se cause hasta el momento en el que obtengan los ingresos y no cuando se devenguen; dicho sistema tambiň es aplicable para efectos del IVA. Con la finalidad de llevar de la mano a los contribuyentes que perciben ingresos por honorarios en el cumplimiento de sus obligaciones fiscales y en la correcta determinacin̤ de sus impuestos, complementamos la informacin̤ con diversos casos prc̀ticos que permitirǹ al lector conocer, entender y aplicar las disposiciones fiscales contenidas en las leyes de los impuestos sobre la renta y al valor agregado, as ̕como en el Cd̤igo Fiscal de la Federacin̤, la Resolucin̤ Miscelǹea Fiscal y los diversos decretos que deberǹ atender los contribuyentes de referencia. El presente libro est ̀dirigido a los responsables del cumplimiento de las obligaciones fiscales de las personas fs̕icas que perciben ingresos por honorarios, a los maestros de impuestos y los estudiantes de la materia fiscal; as ̕como a las personas que se interesen en saber cm̤o cumplir adecuadamente sus obligaciones fiscales y, en general, a cualquiera que busque conocer las disposiciones fiscales aplicables a dicho rǧimen.
|
| 506 |
1 |
|
|a Disponible solo en los productos indicados
|d vLex Global
|d vLex Global (Academic Edition, excluding Law Schools)
|d vLex Global (U.S. Academic Edition, Law Schools)
|d vLex Global (U.S. Academic Edition, excluding Law Schools)
|d vLex Global (Academic Edition, Law Schools)
|
| 650 |
0 |
4 |
|a Derecho Fiscal
|z Mx̌ico
|
| 650 |
0 |
4 |
|a Imposicin̤ directa
|z Mx̌ico
|
| 650 |
0 |
4 |
|a IVA
|z Mx̌ico
|
| 700 |
1 |
|
|a Fol Olgun̕, Raymundo
|
| 740 |
0 |
|
|a vLex Libros (Servicio en ln̕ea)
|
| 856 |
4 |
0 |
|u http://vlex.com/source/honorarios-regimen-fiscal-de-las-actividades-profesionales-personas-fisicas-2019-23404
|z Acceso restringido
|
| 942 |
|
|
|c BOOK
|
| 999 |
0 |
|
|a Tax Law
|
| 999 |
0 |
|
|a Direct taxation
|
| 999 |
0 |
|
|a VAT
|